00491nam a2200121Ia 4500008004100000100002500041245006500066245006400131260000900195856007300204999001900277952007300296160531s9999 xx 000 0 und d aHirnle, Constance J. aProcedure Checklists For Fundamentals Of Nursing 7th Edition cBy:Constance J. Hirnle, Ruth F. Craven, Sharon Jensen MN RN c2013 uhttp://file.ebook777.com/010/ProCheForFunOfNurHumHeaAndFun7thEdi.pdf c295423d295423 001040aCLbCLd2016-05-31l0r2016-05-31 00:00:00w2016-05-31yCBE